[Event "Quebec-ch op"]
[Site "Montreal"]
[Date "2016.07.29"]
[Round "8"]
[White "Robichaud, Louis"]
[Black "Caire, Francois"]
[Result "1-0"]
[WhiteElo "2056"]
[BlackElo "2161"]
[PlyCount "55"]
[EventDate "2016.07.23"]
[EventType "swiss"]
[EventRounds "8"]
[EventCountry "CAN"]
[SourceTitle "CBM 173 Extra"]
[Source "ChessBase"]
[SourceDate "2016.08.29"]
[SourceVersion "1"]
[SourceVersionDate "2016.08.29"]
[SourceQuality "1"]

1. e4 c6 2. d3 d5 3. Nd2 g6 4. g3 Bg7 5. Bg2 e5 6. Ngf3 Ne7 7. 0-0 0-0 8. Re1 d4 9. c3 dxc3 10. Nc4 cxb2 11. Bxb2 f6 12. d4 Be6 13. Qc2 exd4 14. Nxd4 Bf7 15. Rad1 Qc7 16. Bh3 Kh8 17. Ne6 Bxe6 18. Bxe6 Ng8 19. e5 b5 20. exf6 Nxf6 21. Ne5 Na6 22. Nd7 c5 23. Be5 Qa5 24. Qb2 Nh5 25. g4 Bxe5 26. Qxe5+ Ng7 27. Nxf8 Rxf8 28. Rd7 1-0

[Event "FICGS theme 0002 email"]
[Site "FICGS email"]
[Date "2016.01.16"]
[Round "1"]
[White "Caire, Francois"]
[Black "Pech, Jaroslav Sr"]
[Result "1-0"]
[WhiteElo "2457"]
[BlackElo "1060"]
[PlyCount "21"]
[EventDate "2016.??.??"]
[EventType "swiss (corr)"]
[EventRounds "1"]
[SourceTitle "Corr 2022"]
[Source "ChessBase"]
[SourceDate "2021.10.24"]
[SourceVersion "1"]
[SourceVersionDate "2021.10.24"]
[SourceQuality "1"]

1. f4 d5 2. c4 e5 3. fxe5 d4 4. Nf3 Ne7 5. g3 Ng6 6. d3 Nc6 7. Bg2 Ngxe5 8. 0-0 Be7 9. Na3 0-0 10. Nc2 Re8 11. Nxe5 1-0

[Event "FICGS theme 0002 email"]
[Site "FICGS email"]
[Date "2016.01.16"]
[Round "1"]
[White "Simmelink, Joop Theo"]
[Black "Caire, Francois"]
[Result "0-1"]
[WhiteElo "2242"]
[BlackElo "2457"]
[PlyCount "38"]
[EventDate "2016.??.??"]
[EventType "swiss (corr)"]
[EventRounds "1"]
[SourceTitle "Corr 2022"]
[Source "ChessBase"]
[SourceDate "2021.10.24"]
[SourceVersion "1"]
[SourceVersionDate "2021.10.24"]
[SourceQuality "1"]

1. f4 d5 2. c4 e5 3. fxe5 d4 4. Nf3 Nc6 5. d3 Nge7 6. g3 Ng6 7. Bf4 Nxf4 8. gxf4 g6 9. h4 f6 10. h5 Bh6 11. hxg6 hxg6 12. Qa4 Kf7 13. exf6 Bxf4 14. Rxh8 Qxh8 15. Nbd2 Bg4 16. Qb5 Qxf6 17. Qxb7 Rb8 18. Qa6 Bxf3 19. Nxf3 g5 0-1

[Event "FICGS theme 0002 email"]
[Site "FICGS email"]
[Date "2015.12.21"]
[Round "1"]
[White "Caire, Francois"]
[Black "Cirulis, Ilmars"]
[Result "1/2-1/2"]
[WhiteElo "2457"]
[BlackElo "1891"]
[PlyCount "81"]
[EventDate "2015.??.??"]
[EventType "swiss (corr)"]
[EventRounds "1"]
[SourceTitle "Corr 2022"]
[Source "ChessBase"]
[SourceDate "2021.10.24"]
[SourceVersion "1"]
[SourceVersionDate "2021.10.24"]
[SourceQuality "1"]

1. e4 e5 2. f4 exf4 3. Bc4 d5 4. Bxd5 Qh4+ 5. Kf1 Nf6 6. Nf3 Qh6 7. d4 Nxd5 8. exd5 Bd6 9. Qe2+ Kf8 10. c4 b6 11. Nc3 Bf5 12. Bd2 Nd7 13. Re1 Nf6 14. h4 Qg6 15. Kg1 Re8 16. Qd1 Rxe1+ 17. Qxe1 h5 18. Nb5 Qg4 19. Nxd6 cxd6 20. Ng5 f3 21. Nxf3 Be4 22. Rh3 Bxf3 23. Rxf3 Qxd4+ 24. Kh1 Qe4 25. Rf4 Qxe1+ 26. Bxe1 Rh6 27. Kg1 Ng4 28. Kf1 Rf6 29. Rxf6 Nxf6 30. Ke2 Nd7 31. Bf2 Ke7 32. b3 f6 33. Kd3 Ne5+ 34. Kc3 Kd7 35. a4 Kc7 36. a5 Kb7 37. axb6 axb6 38. Kd4 g6 39. Kc3 Ng4 40. Bg1 Ne5 41. Kd4 1/2-1/2

[Event "FICGS theme 0002 email"]
[Site "FICGS email"]
[Date "2015.12.04"]
[Round "1"]
[White "Ramos, Francisco Miguel R"]
[Black "Caire, Francois"]
[Result "0-1"]
[WhiteElo "1513"]
[BlackElo "2457"]
[PlyCount "54"]
[EventDate "2015.??.??"]
[EventType "swiss (corr)"]
[EventRounds "1"]
[SourceTitle "Corr 2022"]
[Source "ChessBase"]
[SourceDate "2021.10.24"]
[SourceVersion "1"]
[SourceVersionDate "2021.10.24"]
[SourceQuality "1"]

1. e4 e5 2. f4 exf4 3. Bc4 Nf6 4. Nc3 c6 5. Nf3 d5 6. exd5 cxd5 7. Bb5+ Nc6 8. 0-0 Bd6 9. d3 0-0 10. d4 Bg4 11. Bxc6 bxc6 12. Qd3 Ne4 13. Nxe4 Bf5 14. Qc3 dxe4 15. Ne5 g5 16. Nxc6 Qf6 17. d5 Qh6 18. Nd4 Bg4 19. h3 Rae8 20. Qd2 e3 21. Qd3 e2 22. Re1 Qh4 23. Bd2 f3 24. Nxf3 Bxf3 25. Qxf3 Qd4+ 26. Kh1 Qxd2 27. Rac1 Qxc1 0-1

[Event "Charlesbourg Keres Memorial"]
[Site "Charlesbourg"]
[Date "2015.06.01"]
[Round "5"]
[White "Lessard, Claude"]
[Black "Caire, Francois"]
[Result "1-0"]
[WhiteElo "2082"]
[BlackElo "2252"]
[PlyCount "31"]
[EventDate "2015.05.04"]
[EventType "swiss"]
[EventRounds "5"]
[EventCountry "CAN"]
[SourceTitle "EXT 2019"]
[Source "ChessBase"]
[SourceDate "2018.10.10"]
[SourceVersion "1"]
[SourceVersionDate "2018.10.10"]
[SourceQuality "1"]

1. d4 Nf6 2. c4 e6 3. Nf3 d5 4. Nc3 c6 5. Bg5 h6 6. Bh4 dxc4 7. e3 b5 8. Be2 Bb7 9. 0-0 Nbd7 10. Qc2 Be7 11. Rad1 0-0 12. e4 Qb6 13. b3 cxb3 14. Qxb3 a6 15. e5 Nd5 16. Nxd5 1-0

[Event "Charlesbourg Keres Memorial"]
[Site "Charlesbourg"]
[Date "2015.05.25"]
[Round "4"]
[White "Caire, Francois"]
[Black "Tremblay, Rejean"]
[Result "1/2-1/2"]
[WhiteElo "2208"]
[BlackElo "2192"]
[PlyCount "60"]
[EventDate "2015.05.04"]
[EventType "swiss"]
[EventRounds "5"]
[EventCountry "CAN"]
[SourceTitle "EXT 2019"]
[Source "ChessBase"]
[SourceDate "2018.10.10"]
[SourceVersion "1"]
[SourceVersionDate "2018.10.10"]
[SourceQuality "1"]

1. d4 Nf6 2. c4 e6 3. Nc3 c5 4. d5 exd5 5. cxd5 d6 6. e4 g6 7. Nf3 Bg7 8. h3 0-0 9. Bd3 b5 10. Nxb5 Nxe4 11. Bxe4 Re8 12. Nd2 Ba6 13. a4 f5 14. 0-0 fxe4 15. Re1 Bxb5 16. axb5 e3 17. Rxe3 Rxe3 18. fxe3 Nd7 19. Ra6 Nb6 20. Qb3 Qh4 21. Nf3 Qe4 22. Nd2 Qf5 23. e4 Bd4+ 24. Kh1 Qf2 25. Qd1 Re8 26. Rxa7 Nxd5 27. Nf3 Rxe4 28. Ra8+ Kg7 29. Ra7+ Kg8 30. Ra8+ Kg7 1/2-1/2

[Event "Charlesbourg Khalif"]
[Site "Charlesbourg"]
[Date "2015.04.13"]
[Round "3"]
[White "Caire, Francois"]
[Black "Tremblay, Rejean"]
[Result "1-0"]
[WhiteElo "2208"]
[BlackElo "2192"]
[PlyCount "75"]
[EventDate "2015.03.30"]
[EventType "swiss"]
[EventRounds "5"]
[EventCountry "CAN"]
[SourceTitle "EXT 2022"]
[Source "ChessBase"]
[SourceDate "2021.10.06"]
[SourceVersion "1"]
[SourceVersionDate "2021.10.06"]
[SourceQuality "1"]

1. Nf3 Nf6 2. g3 g6 3. Bg2 Bg7 4. 0-0 0-0 5. d4 d6 6. c4 c5 7. d5 e6 8. Nc3 exd5 9. cxd5 Re8 10. Bf4 Ne4 11. Nxe4 Rxe4 12. Nd2 Rxf4 13. gxf4 Bxb2 14. Rb1 Bg7 15. Nc4 b6 16. Qc2 Na6 17. Qb3 Nc7 18. a4 Ba6 19. Rfc1 Qd7 20. e4 Bd4 21. Ne3 Re8 22. Re1 Qd8 23. Nc2 Bg7 24. Rbd1 Bh6 25. f5 Bf4 26. Qf3 Qg5 27. Ne3 b5 28. axb5 Nxb5 29. Ng4 Nd4 30. Rxd4 cxd4 31. h4 Qxf5 32. Ra1 Rxe4 33. Qxe4 Qxg4 34. Rxa6 Qxh4 35. Rxa7 Bh2+ 36. Kf1 Qh5 37. Qe8+ Kg7 38. Qxf7+ 1-0

[Event "FICGS class SM 000019 email"]
[Site "FICGS email"]
[Date "2014.10.27"]
[Round "1"]
[White "Caire, Francois"]
[Black "Boehme, Sebastian"]
[Result "1/2-1/2"]
[WhiteElo "2445"]
[BlackElo "2362"]
[PlyCount "49"]
[EventDate "2014.??.??"]
[EventType "tourn (corr)"]
[EventRounds "6"]
[EventCategory "7"]
[SourceTitle "Corr 2022"]
[Source "ChessBase"]
[SourceDate "2021.10.24"]
[SourceVersion "1"]
[SourceVersionDate "2021.10.24"]
[SourceQuality "1"]

1. d4 Nf6 2. c4 e6 3. Nc3 d5 4. cxd5 exd5 5. Bg5 c6 6. Qc2 h6 7. Bh4 Bd6 8. e3 0-0 9. Bd3 Re8 10. Nge2 a5 11. h3 b6 12. 0-0 Ba6 13. Rac1 Bxd3 14. Qxd3 a4 15. f3 a3 16. b3 Be7 17. Bf2 Na6 18. e4 Nb4 19. Qb1 dxe4 20. fxe4 Ra7 21. Kh1 c5 22. d5 Rd7 23. Ng3 Bf8 24. Be1 g6 25. Nb5 1/2-1/2

[Event "FICGS class SM 000019 email"]
[Site "FICGS email"]
[Date "2014.10.27"]
[Round "1"]
[White "Kruse, Herbert"]
[Black "Caire, Francois"]
[Result "1/2-1/2"]
[WhiteElo "2381"]
[BlackElo "2445"]
[PlyCount "77"]
[EventDate "2014.??.??"]
[EventType "tourn (corr)"]
[EventRounds "6"]
[EventCategory "7"]
[SourceTitle "Corr 2022"]
[Source "ChessBase"]
[SourceDate "2021.10.24"]
[SourceVersion "1"]
[SourceVersionDate "2021.10.24"]
[SourceQuality "1"]

1. Nf3 Nf6 2. g3 d5 3. Bg2 Bf5 4. 0-0 e6 5. c4 c6 6. cxd5 exd5 7. d3 Be7 8. Qb3 Qb6 9. Qc2 0-0 10. Nc3 Bg4 11. e4 Na6 12. Be3 Nb4 13. Qb3 Qd8 14. e5 Nd7 15. d4 Nb6 16. a3 Na6 17. h3 Be6 18. Ne2 Nc4 19. Bc1 Nc7 20. Qd1 Bf5 21. Ne1 Na5 22. Nc2 Nb3 23. Ne3 Nxc1 24. Nxf5 Nxe2+ 25. Qxe2 g6 26. Nxe7+ Qxe7 27. f4 f6 28. Rad1 Ne6 29. h4 a5 30. Bf3 a4 31. Qd2 f5 32. Rf2 Ra6 33. Rc1 h5 34. Kg2 Rfa8 35. Qd1 Kg7 36. Rd2 Kg8 37. Be2 R6a7 38. Rcc2 Ra5 39. Qe1 1/2-1/2

[Event "Charlesbourg Alekhine op"]
[Site "Charlesbourg"]
[Date "2014.09.15"]
[Round "3"]
[White "Caire, Francois"]
[Black "Laflamme, Simon"]
[Result "1-0"]
[WhiteElo "2148"]
[BlackElo "2033"]
[PlyCount "69"]
[EventDate "2014.09.01"]
[EventType "swiss"]
[EventRounds "5"]
[EventCountry "CAN"]
[SourceTitle "EXT 2016"]
[Source "ChessBase"]
[SourceDate "2015.10.08"]
[SourceVersion "1"]
[SourceVersionDate "2015.10.08"]
[SourceQuality "1"]

1. d4 d5 2. Nf3 Nf6 3. c4 e6 4. Nc3 Bb4 5. e3 0-0 6. Bd3 c5 7. 0-0 dxc4 8. Bxc4 cxd4 9. exd4 Nc6 10. Bg5 Be7 11. Re1 b6 12. a3 Bb7 13. Qd3 Rc8 14. Rad1 Qc7 15. Ba2 Rfd8 16. Bb1 g6 17. Qe2 Nd5 18. Nxd5 Rxd5 19. Bxe7 Nxe7 20. Ba2 Rd6 21. Ne5 Bd5 22. Bb1 Nc6 23. Qe3 Nxe5 24. dxe5 Rc6 25. h4 Qe7 26. h5 Qh4 27. hxg6 hxg6 28. Rd4 Qh5 29. Bd3 Kg7 30. Qf4 Rh8 31. Qf6+ Kg8 32. f3 Qh6 33. Rxd5 exd5 34. Qxc6 d4 35. e6 1-0

[Event "FICGS theme 0001 email"]
[Site "FICGS email"]
[Date "2014.08.05"]
[Round "1"]
[White "Caire, Francois"]
[Black "Sorcinelli, Andrea"]
[Result "1-0"]
[WhiteElo "2445"]
[BlackElo "2030"]
[PlyCount "33"]
[EventDate "2014.??.??"]
[EventType "swiss (corr)"]
[EventRounds "1"]
[SourceTitle "Corr 2022"]
[Source "ChessBase"]
[SourceDate "2021.10.24"]
[SourceVersion "1"]
[SourceVersionDate "2021.10.24"]
[SourceQuality "1"]

1. e4 c5 2. Nf3 a6 3. c4 e6 4. Nc3 Qc7 5. Be2 Nc6 6. d4 cxd4 7. Nxd4 Nf6 8. 0-0 Bb4 9. Na4 Bd6 10. g3 Nxd4 11. Qxd4 b5 12. cxb5 axb5 13. Bxb5 Ba6 14. Bxa6 Rxa6 15. Be3 0-0 16. Rfc1 Qb7 17. f3 1-0

[Event "FICGS theme 0001 email"]
[Site "FICGS email"]
[Date "2014.08.05"]
[Round "1"]
[White "Hilbert, Stephan"]
[Black "Caire, Francois"]
[Result "0-1"]
[WhiteElo "1499"]
[BlackElo "2445"]
[PlyCount "58"]
[EventDate "2014.??.??"]
[EventType "swiss (corr)"]
[EventRounds "1"]
[SourceTitle "Corr 2022"]
[Source "ChessBase"]
[SourceDate "2021.10.24"]
[SourceVersion "1"]
[SourceVersionDate "2021.10.24"]
[SourceQuality "1"]

1. e4 c5 2. Nf3 a6 3. b4 cxb4 4. a3 b5 5. c4 Bb7 6. axb4 bxc4 7. Bxc4 e6 8. b5 axb5 9. Rxa8 Bxa8 10. Bd3 Nf6 11. 0-0 Bxe4 12. Bxe4 Nxe4 13. d3 Nf6 14. Bg5 Nc6 15. Nc3 b4 16. Ne4 Be7 17. Nxf6+ Bxf6 18. Bf4 0-0 19. Qb3 Qa5 20. Bd6 Ra8 21. d4 Qa2 22. Qxa2 Rxa2 23. Ne5 Bxe5 24. Bxe5 b3 25. d5 Nxe5 26. dxe6 fxe6 27. Rc1 b2 28. Rc8+ Kf7 29. f4 b1Q+ 0-1

[Event "Montreal Varennes op"]
[Site "Montreal"]
[Date "2013.11.09"]
[Round "2"]
[White "Chiku Ratte, Olivier Kenta"]
[Black "Caire, Francois"]
[Result "1/2-1/2"]
[WhiteElo "2236"]
[BlackElo "2134"]
[PlyCount "86"]
[EventDate "2013.11.08"]
[EventType "swiss"]
[EventRounds "5"]
[EventCountry "CAN"]
[SourceTitle "EXT 2022"]
[Source "ChessBase"]
[SourceDate "2021.10.06"]
[SourceVersion "1"]
[SourceVersionDate "2021.10.06"]
[SourceQuality "1"]

1. d4 Nf6 2. c4 e5 3. dxe5 Ng4 4. Bf4 Nc6 5. Nf3 Bb4+ 6. Nbd2 Qe7 7. e3 Ngxe5 8. Nxe5 Nxe5 9. Be2 0-0 10. 0-0 Bxd2 11. Qxd2 d6 12. Qc3 b6 13. Rad1 Bb7 14. Rd2 Rfe8 15. Rc1 a5 16. b3 Ng6 17. Bg3 Nh4 18. Bf1 Nf5 19. Bf4 g5 20. Bg3 Nxg3 21. hxg3 Qe5 22. Qc2 g4 23. Rd4 Qh5 24. Bd3 Re5 25. Rf4 Rg5 26. Be4 Bxe4 27. Qxe4 Rf8 28. Qe7 Rg6 29. Re1 Rh6 30. Kf1 Qg6 31. e4 Rh1+ 32. Ke2 Rxe1+ 33. Kxe1 Qg7 34. Qf6 Qxf6 35. Rxf6 Kg7 36. Rf5 Kg6 37. Ke2 Re8 38. Ke3 h5 39. Kd4 c6 40. a3 f6 41. b4 axb4 42. axb4 Re5 43. Rxe5 dxe5+ 1/2-1/2

[Event "Quebec-ch op"]
[Site "Montreal"]
[Date "2013.07.26"]
[Round "7"]
[White "Villavieja, Butch"]
[Black "Caire, Francois"]
[Result "1-0"]
[WhiteElo "2211"]
[BlackElo "2178"]
[PlyCount "73"]
[EventDate "2013.07.21"]
[EventType "swiss"]
[EventRounds "9"]
[EventCountry "CAN"]
[SourceTitle "EXT 2014"]
[Source "ChessBase"]
[SourceDate "2013.11.20"]
[SourceVersion "1"]
[SourceVersionDate "2013.11.20"]
[SourceQuality "1"]

1. e4 c5 2. Nf3 Nc6 3. d4 cxd4 4. Nxd4 Nf6 5. Nc3 e5 6. Ndb5 d6 7. Bg5 a6 8. Na3 b5 9. Nd5 Be7 10. Bxf6 Bxf6 11. c3 0-0 12. Nc2 Rb8 13. Nce3 Bg5 14. Bd3 Be6 15. Bc2 a5 16. 0-0 Bxe3 17. Nxe3 b4 18. Bb3 bxc3 19. bxc3 Qd7 20. Ba4 Qc7 21. Qd2 Rfd8 22. Rab1 Rxb1 23. Rxb1 Re8 24. Rd1 Rd8 25. h3 h6 26. Bb3 Ne7 27. Qd3 Bxb3 28. axb3 Rc8 29. c4 Rd8 30. Kh2 Qc5 31. Rd2 Qb4 32. g3 Rb8 33. Qxd6 Qxd6 34. Rxd6 Rxb3 35. Ra6 Ra3 36. Nd5 Nxd5 37. exd5 1-0

[Event "Quebec-ch op"]
[Site "Montreal"]
[Date "2013.07.23"]
[Round "4"]
[White "Caire, Francois"]
[Black "Berube, Antoine"]
[Result "1/2-1/2"]
[WhiteElo "2178"]
[BlackElo "2174"]
[PlyCount "69"]
[EventDate "2013.07.21"]
[EventType "swiss"]
[EventRounds "9"]
[EventCountry "CAN"]
[SourceTitle "EXT 2014"]
[Source "ChessBase"]
[SourceDate "2013.11.20"]
[SourceVersion "1"]
[SourceVersionDate "2013.11.20"]
[SourceQuality "1"]

1. d4 d5 2. c4 c6 3. Nf3 Nf6 4. Nc3 e6 5. e3 Nbd7 6. Bd3 dxc4 7. Bxc4 b5 8. Be2 Bb7 9. 0-0 a6 10. e4 c5 11. e5 Nd5 12. a4 Nxc3 13. bxc3 c4 14. Bg5 Be7 15. Bxe7 Qxe7 16. axb5 axb5 17. Rxa8+ Bxa8 18. Qa1 0-0 19. Qa6 Rb8 20. Rb1 Be4 21. Rxb5 Ra8 22. Qd6 Ra1+ 23. Bf1 Bd3 24. Nd2 Qxd6 25. exd6 Kf8 26. g3 Rc1 27. Kg2 Rxc3 28. Rb7 Ke8 29. Rc7 f6 30. Nxc4 Bxf1+ 31. Kxf1 Rd3 32. Rc8+ Kf7 33. Rc7 Ke8 34. Rc8+ Kf7 35. Rc7 1/2-1/2

[Event "Quebec-ch op"]
[Site "Montreal"]
[Date "2013.07.21"]
[Round "2"]
[White "Caire, Francois"]
[Black "Sambuev, Bator"]
[Result "0-1"]
[WhiteElo "2178"]
[BlackElo "2530"]
[PlyCount "26"]
[EventDate "2013.07.21"]
[EventType "swiss"]
[EventRounds "9"]
[EventCountry "CAN"]
[SourceTitle "EXT 2014"]
[Source "ChessBase"]
[SourceDate "2013.11.20"]
[SourceVersion "1"]
[SourceVersionDate "2013.11.20"]
[SourceQuality "1"]

1. d4 Nf6 2. c4 e6 3. Nc3 Bb4 4. a3 Bxc3+ 5. bxc3 c5 6. f3 0-0 7. e4 Ne8 8. Bd3 Nc6 9. Ne2 b6 10. Be3 Ba6 11. 0-0 Na5 12. dxc5 Nxc4 13. Bf2 Nb2 0-1

[Event "WC-2014-T-00003"]
[Site "LSS email"]
[Date "2012.12.29"]
[Round "?"]
[White "Caire, Francois"]
[Black "Evtushenko, Sergey Aleksandrovi"]
[Result "1/2-1/2"]
[WhiteElo "2466"]
[BlackElo "2329"]
[PlyCount "127"]
[EventDate "2013.01.02"]
[EventType "tourn (corr)"]
[EventRounds "10"]
[EventCountry "GER"]
[SourceTitle "Telechess CBM 167"]
[Source "ChessBase"]
[SourceDate "2015.07.13"]
[SourceVersion "1"]
[SourceVersionDate "2015.07.13"]
[SourceQuality "1"]

1. c4 c6 2. Nc3 d5 3. d4 e6 4. e4 dxe4 5. Nxe4 Bb4+ 6. Bd2 Qxd4 7. Bxb4 Qxe4+ 8. Be2 Na6 9. Ba5 b6 10. Qd6 Bd7 11. Bc3 f6 12. Nf3 Nc5 13. b4 Qc2 14. Qd4 Ne4 15. Bb2 c5 16. Bd3 cxd4 17. Bxc2 Nd6 18. c5 bxc5 19. bxc5 Rc8 20. Rc1 Nf5 21. g4 Nfe7 22. Nxd4 e5 23. c6 Nxc6 24. Nb5 Rb8 25. Nd6+ Ke7 26. Ba3 Nb4 27. Nf5+ Kd8 28. Be4 Nh6 29. Nd6 Bxg4 30. 0-0 Kd7 31. Nb7 f5 32. Nc5+ Ke8 33. Bg2 f4 34. Rfe1 Kf7 35. h3 Bf5 36. Rxe5 Rhc8 37. Rc4 a5 38. Rxf4 Rb5 39. Nd3 Rxe5 40. Nxe5+ Ke6 41. Nf3 Rc5 42. Bxb4 axb4 43. Rxb4 Kd6 44. Nd4 Bc8 45. Nb5+ Ke7 46. Re4+ Kf8 47. Nd6 Bd7 48. Nc4 Bf5 49. Rf4 g5 50. Rd4 Be6 51. Bf1 Ke7 52. a4 Nf5 53. Re4 Kf6 54. Kh2 Rc7 55. Bd3 h5 56. Nd2 Rd7 57. Bc4 Bxc4 58. Nxc4 Rd1 59. Ne3 Rd2 60. Kg2 Nxe3+ 61. Rxe3 Ra2 62. Re4 Kf5 63. Rb4 Ra3 64. Rb5+ 1/2-1/2

[Event "WC-2014-T-00003"]
[Site "LSS email"]
[Date "2012.12.29"]
[Round "?"]
[White "Caire, Francois"]
[Black "Welle, Bernd"]
[Result "1/2-1/2"]
[WhiteElo "2466"]
[BlackElo "2292"]
[PlyCount "79"]
[EventDate "2013.01.02"]
[EventType "tourn (corr)"]
[EventRounds "10"]
[EventCountry "GER"]
[SourceTitle "Telechess CBM 167"]
[Source "ChessBase"]
[SourceDate "2015.07.13"]
[SourceVersion "1"]
[SourceVersionDate "2015.07.13"]
[SourceQuality "1"]

1. d4 Nf6 2. c4 e6 3. g3 d5 4. Nf3 dxc4 5. Bg2 a6 6. 0-0 Nc6 7. e3 Bd7 8. Qe2 b5 9. b3 cxb3 10. axb3 Bd6 11. Bb2 0-0 12. e4 Be7 13. Nc3 Nb4 14. Ne5 Be8 15. Rfc1 Nd7 16. Ng4 c5 17. d5 e5 18. Nd1 f6 19. Nde3 h5 20. Nf5 hxg4 21. d6 Bxd6 22. Qxg4 Rf7 23. Nxd6 Nd3 24. Nxf7 Bxf7 25. Rd1 c4 26. Ba3 b4 27. Bc1 N3c5 28. bxc4 Be6 29. Qe2 a5 30. Be3 Qc7 31. Qe1 Nb6 32. Bf1 Nba4 33. Bd2 Bg4 34. Be2 Bxe2 35. Qxe2 Rd8 36. Be1 Rd4 37. h4 Qc6 38. Rxd4 exd4 39. e5 Nc3 40. Bxc3 1/2-1/2